[Event "Buenos Aires FASGBA op"]
[Site "Buenos Aires"]
[Date "2015.08.05"]
[Round "4"]
[White "Sciacca, Eduardo"]
[Black "Castro, Fernando1111"]
[Result "1-0"]
[WhiteElo "1638"]
[BlackElo "1801"]
[PlyCount "43"]
[EventDate "2015.07.31"]
[EventType "swiss"]
[EventRounds "7"]
[EventCountry "ARG"]
[SourceTitle "EXT 2016"]
[Source "ChessBase"]
[SourceDate "2015.10.08"]
[SourceVersion "1"]
[SourceVersionDate "2015.10.08"]
[SourceQuality "1"]

1. d4 Nf6 2. Bf4 d6 3. e3 c5 4. Nd2 Nbd7 5. c3 g6 6. Ngf3 Bg7 7. Qc2 0-0 8. a4 cxd4 9. exd4 Re8 10. h3 e5 11. dxe5 dxe5 12. Be3 Nf8 13. 0-0-0 Bf5 14. Qb3 Qc7 15. Bc4 Be6 16. Bxe6 Nxe6 17. Nc4 Nc5 18. Bxc5 Qxc5 19. Nd6 Re6 20. Nxf7 Rc6 21. Nh6+ Kh8 22. Qg8+ 1-0